000 01966cam a22005414i 4500
003 PE-LiUPU
005 20250731180150.0
008 150706s r 000 0 d
035 _a(Sirsi) a52227
040 _aPE-LiUPU
_bspa
_cPE-LiUPU
_erda
049 _aPRUA
082 0 4 _a515.63
_bF512013
_221
100 1 _aFigueroa García, Ricardo,
_eautor.
245 1 0 _aVectores y matrices con números complejos /
_cR. Figueroa G.
264 1 _aLima :
_bRFG,
_c2013.
300 _a571 páginas :
_bilustraciones ;
_c21 cm.
336 _atext
_2rdacontent
337 _aunmediated
_2rdamedia
338 _avolume
_2rdacarrier
490 0 _aMatemática Básica 2
505 0 _aVectores en el plano -- Rectas en el plano -- Aplicaciones de la recta -- Vectores en el espacio -- Rectas en el espacio -- Planos en el espacio -- Los números complejos -- Matrices -- Determinantes.
526 _aSEG44
526 _aSEG26
526 _aP159
526 _aP155
526 _aP154
526 _aP153
526 _aP150
526 _aP100
526 _aP31
526 _aP30
526 _aP26
526 _aP25
526 _aP24
526 _aP22
526 _aP15
526 _aP10
541 _g015-0015322;
650 0 4 _aAnálisis vectorial
_vProblemas, ejercicios, etc.
650 0 4 _aMatrices (Matemáticas)
_vProblemas, ejercicios, etc.
650 0 4 _aNúmeros complejos
_vProblemas, ejercicios, etc.
910 _clch
_d20130530
942 _2ddc
_cBOOK
949 _a515.63 F51 2013
_wDEWEY
_c1
_i67248
_lCCODEBUL1
_mBUL
_p10.00
_r0
_sY
_tLIBRO
_u2015-07-06
_xINGENIERIA
_zUNKNOWN
_o.STAFF. Colección General
994 _aC0
_bPEPRU
596 _a1
999 _a515.63 F51 2013
_wDEWEY
_c54836
_i67248
_d54836
_e2016-10-12
_f2021-11-9
_g5
_lCCODEBUL1
_mBUL
_n13
_p10.00
_q8
_r0
_sY
_tBOOK
_u2015-7-6
_xINGENIERIA
_zUNKNOWN
_0COMPRA
_o.STAFF. Colección General
980 _81
_gALBERTO SANCHEZ Responsable de Automatización